<?xml version="1.0" encoding="UTF-8"?>
<record
    xmlns:xsi="http://www.w3.org/2001/XMLSchema-instance"
    xsi:schemaLocation="http://www.loc.gov/MARC21/slim http://www.loc.gov/standards/marcxml/schema/MARC21slim.xsd"
    xmlns="http://www.loc.gov/MARC21/slim">

  <leader>00778nam a22001337a 4500</leader>
  <datafield tag="040" ind1=" " ind2=" ">
    <subfield code="c">RUA</subfield>
  </datafield>
  <datafield tag="082" ind1=" " ind2=" ">
    <subfield code="a">FOR NEA 2009 B137 Or.1</subfield>
  </datafield>
  <datafield tag="100" ind1=" " ind2=" ">
    <subfield code="a">NEAK, PHEAROOM.</subfield>
  </datafield>
  <datafield tag="245" ind1=" " ind2=" ">
    <subfield code="a">Estimating the aboveground biomass of re-growth forest at phnom chumreay in samakymeanchey district kampong chhang province (&#x1780;&#x17B6;&#x179A;&#x1794;&#x17C9;&#x17B6;&#x1793;&#x17CB;&#x179F;&#x17D2;&#x1798;&#x17B6;&#x1793;&#x1787;&#x17B8;&#x179C;&#x1798;&#x17B6;&#x179F;&#x1793;&#x17C5;&#x179B;&#x17BE;&#x178A;&#x17B8;&#x1793;&#x17C3;&#x1796;&#x17D2;&#x179A;&#x17C3;&#x178A;&#x17BB;&#x17C7;&#x179B;&#x17BC;&#x178F;&#x179B;&#x17B6;&#x179F;&#x17CB;&#x17A1;&#x17BE;&#x1784;&#x179C;&#x17B7;&#x1789;&#x1793;&#x17C5;&#x178F;&#x17C6;&#x1794;&#x1793;&#x17CB;&#x1797;&#x17D2;&#x1793;&#x17C6;&#x1787;&#x17C6;&#x17BB;&#x179A;&#x17B6;&#x1799;&#x179F;&#x17D2;&#x179A;&#x17BB;&#x1780;&#x179F;&#x17B6;&#x1798;&#x1782;&#x17D2;&#x1782;&#x17B8;&#x1798;&#x17B6;&#x1793;&#x1787;&#x17D0;&#x1799;&#x1781;&#x17C1;&#x178F;&#x17D2;&#x178F;&#x1780;&#x17C6;&#x1796;&#x1784;&#x17CB;&#x1788;&#x1786;&#x17D2;&#x1793;&#x17B6;&#x17C6;&#x1784;)</subfield>
  </datafield>
  <datafield tag="260" ind1=" " ind2=" ">
    <subfield code="a">Phnom Penh</subfield>
    <subfield code="b">RUA</subfield>
    <subfield code="c">2009</subfield>
  </datafield>
  <datafield tag="300" ind1=" " ind2=" ">
    <subfield code="a">x, 41p.</subfield>
    <subfield code="b">ill.</subfield>
    <subfield code="c">29cm.</subfield>
  </datafield>
  <datafield tag="856" ind1=" " ind2=" ">
    <subfield code="u">https://drive.google.com/file/d/1LTJB0UeHyJIutp4cDpuv3NKvw31xBm_j/view?usp=sharing</subfield>
  </datafield>
  <datafield tag="942" ind1=" " ind2=" ">
    <subfield code="c">FOR</subfield>
  </datafield>
  <datafield tag="999" ind1=" " ind2=" ">
    <subfield code="c">3459</subfield>
    <subfield code="d">3459</subfield>
  </datafield>
  <datafield tag="952" ind1=" " ind2=" ">
    <subfield code="0">0</subfield>
    <subfield code="1">0</subfield>
    <subfield code="2">ddc</subfield>
    <subfield code="4">0</subfield>
    <subfield code="6">FOR_NEA_2009_000000000000000_B137_OR_1</subfield>
    <subfield code="7">0</subfield>
    <subfield code="9">16581</subfield>
    <subfield code="a">LBB</subfield>
    <subfield code="b">LBB</subfield>
    <subfield code="c">B137</subfield>
    <subfield code="d">2015-11-16</subfield>
    <subfield code="l">1</subfield>
    <subfield code="o">FOR NEA 2009 B137 Or.1</subfield>
    <subfield code="p">RUA026335</subfield>
    <subfield code="r">2019-07-31</subfield>
    <subfield code="s">2017-08-11</subfield>
    <subfield code="w">2015-11-16</subfield>
    <subfield code="y">FOR</subfield>
  </datafield>
  <datafield tag="952" ind1=" " ind2=" ">
    <subfield code="0">0</subfield>
    <subfield code="1">0</subfield>
    <subfield code="2">ddc</subfield>
    <subfield code="4">0</subfield>
    <subfield code="6">FOR_NEA_2009_000000000000000_B137_OR_2</subfield>
    <subfield code="7">0</subfield>
    <subfield code="9">16582</subfield>
    <subfield code="a">LBB</subfield>
    <subfield code="b">LBB</subfield>
    <subfield code="c">B137</subfield>
    <subfield code="d">2015-11-16</subfield>
    <subfield code="o">FOR NEA 2009 B137 Or.2</subfield>
    <subfield code="p">RUA026125</subfield>
    <subfield code="r">2015-11-16</subfield>
    <subfield code="w">2015-11-16</subfield>
    <subfield code="y">FOR</subfield>
  </datafield>
  <datafield tag="952" ind1=" " ind2=" ">
    <subfield code="0">0</subfield>
    <subfield code="1">0</subfield>
    <subfield code="2">ddc</subfield>
    <subfield code="4">0</subfield>
    <subfield code="6">FOR_NEA_2009_000000000000000_B137_OR_3</subfield>
    <subfield code="7">0</subfield>
    <subfield code="9">16583</subfield>
    <subfield code="a">LBB</subfield>
    <subfield code="b">LBB</subfield>
    <subfield code="c">B137</subfield>
    <subfield code="d">2015-11-16</subfield>
    <subfield code="o">FOR NEA 2009 B137 Or.3</subfield>
    <subfield code="p">RUA026053</subfield>
    <subfield code="r">2015-11-16</subfield>
    <subfield code="w">2015-11-16</subfield>
    <subfield code="y">FOR</subfield>
  </datafield>
  <datafield tag="952" ind1=" " ind2=" ">
    <subfield code="0">0</subfield>
    <subfield code="1">0</subfield>
    <subfield code="2">ddc</subfield>
    <subfield code="4">0</subfield>
    <subfield code="6">FOR_NEA_2009_000000000000000_B137_OR_4</subfield>
    <subfield code="7">0</subfield>
    <subfield code="9">16584</subfield>
    <subfield code="a">LBB</subfield>
    <subfield code="b">LBB</subfield>
    <subfield code="c">B137</subfield>
    <subfield code="d">2015-11-16</subfield>
    <subfield code="o">FOR NEA 2009 B137 Or.4</subfield>
    <subfield code="p">RUA026479</subfield>
    <subfield code="r">2015-11-16</subfield>
    <subfield code="w">2015-11-16</subfield>
    <subfield code="y">FOR</subfield>
  </datafield>
  <datafield tag="952" ind1=" " ind2=" ">
    <subfield code="0">0</subfield>
    <subfield code="1">0</subfield>
    <subfield code="2">ddc</subfield>
    <subfield code="4">0</subfield>
    <subfield code="6">FOR_NEA_2009_000000000000000_B137_OR_5</subfield>
    <subfield code="7">0</subfield>
    <subfield code="9">16585</subfield>
    <subfield code="a">LBB</subfield>
    <subfield code="b">LBB</subfield>
    <subfield code="c">B137</subfield>
    <subfield code="d">2015-11-16</subfield>
    <subfield code="o">FOR NEA 2009 B137 Or.5</subfield>
    <subfield code="p">RUA026407</subfield>
    <subfield code="r">2015-11-16</subfield>
    <subfield code="w">2015-11-16</subfield>
    <subfield code="y">FOR</subfield>
  </datafield>
  <datafield tag="952" ind1=" " ind2=" ">
    <subfield code="0">0</subfield>
    <subfield code="1">0</subfield>
    <subfield code="2">ddc</subfield>
    <subfield code="4">0</subfield>
    <subfield code="6">FOR_NEA_2009_000000000000000_B137_OR_6</subfield>
    <subfield code="7">0</subfield>
    <subfield code="9">16586</subfield>
    <subfield code="a">LBB</subfield>
    <subfield code="b">LBB</subfield>
    <subfield code="c">B137</subfield>
    <subfield code="d">2015-11-16</subfield>
    <subfield code="l">1</subfield>
    <subfield code="o">FOR NEA 2009 B137 Or.6</subfield>
    <subfield code="p">RUA026343</subfield>
    <subfield code="r">2019-03-06</subfield>
    <subfield code="s">2019-02-08</subfield>
    <subfield code="w">2015-11-16</subfield>
    <subfield code="y">FOR</subfield>
  </datafield>
</record>
